| 000 | 00514nam a22002057a 4500 | ||
|---|---|---|---|
| 003 | NUST - PNEC | ||
| 005 | 20170116181202.0 | ||
| 008 | 160217b xxu||||| |||| 00| 0 eng d | ||
| 020 | _a9789381159187 | ||
| 040 | _cLIBRARY | ||
| 082 | _a510 BAL | ||
| 100 |
_916489 _aBali, N.P |
||
| 245 |
_aApplied Mathematics - III/IV _cN.P. Bali |
||
| 250 | _a- | ||
| 260 |
_aNew Delhi _bUniversity Science Press _cc.2013 |
||
| 300 | _a584 pages | ||
| 650 |
_916486 _aMathematics _xME |
||
| 856 | _u- | ||
| 942 |
_2ddc _cBK |
||
| 999 |
_c71503 _d71503 |
||